Lost Artifacts - Statistics

General Stats
  • This quiz has been taken 39 times
  • The average score is 5 of 11
Answer Stats
Hint Artifact % Correct
She and her aircraft disappeared over the Pacific Ocean Amelia Earhart
89%
Containes the Ten Commandments Ark of the Covenant
78%
Vessel from the Last Supper Holy Grail
72%
Homer wrote about this city, but its location is still unclear Troy
64%
Seven of this jeweled artifacts are missing {Fabergé} eggs
56%
Chamber decorated with gold and orange gemstones Amber Room
53%
His glass sarcophagus disappeared during the 3rd Century {Alexander the Great} sarcophagus
39%
Several legends tell about artifacts hidden in this place in Nova Scotia Oak Island
22%
Skull of a german poet, stolen by Goethe {Friedrich Schiller}'s Skull
14%
These where stolen from a castle in 1907 Irish Crown Jewels
8%
One of the biggest diamonds Great Mogul Diamond
6%
No matching quizzes found
Score Distribution
Percent of People with Each Score
Percentile by Number Answered
Your Score History
You have not taken this quiz